000 00551nam a2200193Ia 4500
003 GCL
008 140319s9999 xx 000 0 eng d
040 _aGCL /
_cGCL
082 0 4 _a956
_bS T
100 1 _aSLUGBTT, PETER
245 1 0 _aTHE TIMES GUIDE TO THE MIDDLE EAST: THE ARAB WORLD AND ITS NEIGHBOURS /
_cSLUGBTT, PETER
700 1 _aSLUGBETT, MARIAN FAROUK
260 _a[S.N] :
_bTIMES BOOKS ،
_c1996
300 _a439 P
650 0 4 _aMIDDLE EAST - POLITICS
650 0 4 _aGOVERNMENT
650 0 4 _aMIDDLE EAST - HISTORY
942 _2ddc
_cBK
999 _c13968
_d13968